000 00730nam a2200253Ia 4500
003 OSt
005 20220918164905.0
006 a|||||r|||| 00| 0
007 ta
008 220917b |||||||| |||| 00| 0 eng d
020 _a0805835326 (hbk)
024 _a196,150
037 _cTextual
040 _aARTS
_cARTS
_beng
041 _2eng
_aeng
082 _aS:73, P1
100 _aCorno Lyn ..et.al..
_921511
245 0 _aRemaking the concept of aptitude
_b Extending the legacy of Richard E. Snow
260 _aMahwah
_bLawrence erlbaum associates, publishers
_c2002
300 _axxv, 288 p.
_ccm.
650 _aPSYCHOLOGY
942 _hS:73, P1
_cTEXL
_2CC
999 _c127248
_d127248